ՀՀ Գիտությունների ազգային ակադեմիայի հիմնարար գիտական գրադարան  =   Fundamental Scientific Library of NAS RA

The Armenian Genocide : (Record no. 530856)

MARC details
000 -LEADER
fixed length control field 00802nam a2200229 a 4500
001 - CONTROL NUMBER
control field 1456144
003 - CONTROL NUMBER IDENTIFIER
control field AM-YEHGA
005 - DATE AND TIME OF LATEST TRANSACTION
control field 20250618080147.0
008 - FIXED-LENGTH DATA ELEMENTS--GENERAL INFORMATION
fixed length control field 181025s2018 xx |||||r|||||00||0|eng||
040 ## - CATALOGING SOURCE
Original cataloging agency AM-YeHGA
041 0# - LANGUAGE CODE
Language code of text/sound track or separate title eng
090 ## - LOCALLY ASSIGNED LC-TYPE CALL NUMBER (OCLC); LOCAL CALL NUMBER (RLIN)
-- 569588
245 04 - TITLE STATEMENT
Title The Armenian Genocide :
Remainder of title Prelude and aftermath. As reported in the U.S. Press : The New York Times /
Statement of responsibility, etc. Comp. and ed. by Rev. Vahan Ohanian, Ara Ketibian.
260 ## - PUBLICATION, DISTRIBUTION, ETC.
Place of publication, distribution, etc. [S. l.] :
Name of publisher, distributor, etc. Mekhitarist publication,
Date of publication, distribution, etc. 2018.
300 ## - PHYSICAL DESCRIPTION
Extent volume ;
Dimensions 28 cm.
505 00 - FORMATTED CONTENTS NOTE
Miscellaneous information Vol. 1 (2018, XV, 1024, XII p.) :
Title (1890-1914) ;
Miscellaneous information Vol. 2 (2018, pp. 1025-2054, VII) :
Title (1915-1922)
650 14 - SUBJECT ADDED ENTRY--TOPICAL TERM
Topical term or geographic name entry element History
Geographic subdivision Armenia
9 (RLIN) 4954
650 14 - SUBJECT ADDED ENTRY--TOPICAL TERM
Topical term or geographic name entry element Armenian Genocide
700 1# - ADDED ENTRY--PERSONAL NAME
Personal name Ohanian, Vahan
Relationship edt
-- com
700 1# - ADDED ENTRY--PERSONAL NAME
Personal name Ketibian, Ara
Relationship edt
-- com
942 ## - ADDED ENTRY ELEMENTS (KOHA)
Source of classification or shelving scheme Universal Decimal Classification
Koha item type Գրքեր / Books
Holdings
Withdrawn status Lost status Source of classification or shelving scheme Damaged status Not for loan Collection Home library Current library Date acquired Serial enumeration / chronology Total checkouts Full call number Barcode Date last seen Price effective from Koha item type Public note
    Universal Decimal Classification     General Fundamental Scientific Library Fundamental Scientific Library 03/07/2024 Vol. 2   И III/22418 FL0683818 03/07/2024 03/07/2024 Գրքեր / Books 30 Days Loan
    Universal Decimal Classification     General Fundamental Scientific Library Fundamental Scientific Library 14/08/2024 Vol. 1   И III/21956 FL0558597 14/08/2024 14/08/2024 Գրքեր / Books 30 Days Loan
    Universal Decimal Classification     General Fundamental Scientific Library Fundamental Scientific Library 14/08/2024 Vol. 2   И III/21957 FL0558598 14/08/2024 14/08/2024 Գրքեր / Books 30 Days Loan


ՀՀ ԳԱԱ հիմնարար գիտական գրադարան
ՀՀ,Երևան 0019
Մարշալ Բաղրամյան 24/6
հեռախոս:(374-10) 52-47-50
Հետադարձ կապ

All site content, except where otherwise noted, is licensed under a
Creative Commons License